000
00250nam a2200121Ia 4500
008
190216s9999||||xx |||||||||||||| ||und||
100
_a
Null
245
0
_a
Public Finance
260
_b
Macmillan
300
_a
677p
650
_a
Economics
942
_c
BK
999
_c
9271
_d
9271